• 首页
  • 本馆介绍
  • 公告通知
  • 最新文献
  • 馆藏检索
  • 电子资源
  • 读者导购
  • 参考咨询
  • 我的图书馆
  • 登录
  • 详细信息显示
  • 放入我的书架
  • 预约/预借图书
  • 作者相关作品
  • 分类相关作品
  • 丛书相关作品
  • 出版社相关作品

书目信息

  • 表格格式
  • 工作单格式
  • 卡片格式
题名:
真替美国操心
    
 
作者: 魏宗雷 著
分册:  
出版信息: 北京   时事出版社  2003
页数: 442页
开本: 20cm
丛书名:
单 册:
中图分类: D771.22
科图分类:
主题词: 政治--模式--研究--美国
电子资源:
ISBN: 7-80009-754-4
000 00679nam0 2200217 45
001 0408071514
005 20040808151409.8
010    @a7-80009-754-4@dCNY28.00
100    @a20040807d2003 km y0chiy0120 ea
101 0  @achi
105    @a z 000yy
200 1  @a真替美国操心@AZhen Ti Mei Guo Cao Xin@e美国模式的危机@EMei Guo Mo Shi De Wei Ji@f魏宗雷著@FWei Zong Lei Zhu
210    @a北京@c时事出版社@d2003
215    @a442页@d20cm
300    @a附录:汉英译名对照表
517    @a美国模式的危机@AMei Guo Mo Shi De Wei Ji
606 0  @a政治@x模式@x研究@y美国
690    @aD771.22@v4
701  0 @a魏宗雷@4著
801    @aCN@bTSTCL@c20040807
905    @b335291-295@dD771.22@e225@f5
    
    真替美国操心:美国模式的危机/魏宗雷著.-北京:时事出版社,2003
    442页;20cm
    附录:汉英译名对照表
    
    ISBN 7-80009-754-4:CNY28.00
    
●
相关链接 在E读中查询图书 在五车中查询图书 在当当中查询图书 在豆瓣中查询图书


正题名:真替美国操心     索取号:D771.22/225         预约/预借

序号 登录号 条形码 馆藏地/架位号 状态 备注
1 0335291   203352914   第一借阅区/ [索取号:D771.22/225] 在馆    
2 0335292   203352923   第一借阅区/ [索取号:D771.22/225] 在馆    
3 0335293   203352932   第一借阅区/ [索取号:D771.22/225] 在馆    
4 0335294   203352941   第一借阅区/ [索取号:D771.22/225] 在馆    
5 0335295   203352950   第一借阅区/ [索取号:D771.22/225] 在馆    
唐山师范学院图书馆 欢迎您!
大连网信软件有限公司© 版权所有